000 00530nam a22001817a 4500
999 _c26036
_d26036
003 BDDh-ASL
005 20231015030605.0
008 210924s1948 p ||||| |||| 00| 0 u d
040 _aBDDh-ASL
_cBDDh-ASL
082 _a297.72
_bMAA
100 1 _94552
_aMawdudi, Syed Abul Ala
245 1 0 _aAl Jihad Fil Islam : / الجہاد فی الاسلام
246 _aAl Jihad Fil Islam
260 _aLahore:
_bTarjamanul Quran Office ,
_c1948.
300 _a504 p. :
_c24 cm.
650 0 _91652
_aIslam
_xWar
942 _2ddc
_cBK